000 00520nam a2200205Ia 4500
005 20250923145755.0
008 008 250917s9999 xx 000 0 eng d
037 _aTextual
040 _aDSWL
_beng
_cDSWL
041 _aeng
_2eng
084 _qDSWL
100 _aSingh, Rap
_9838812
245 0 _aCrime and community
_cby Rap Singh
260 _aJaipur
_b Printwell Publication
_c1987
300 _aviii,140p.
365 _aINR
_b110.00
925 _g110.00
942 _cTEXL
999 _c1455519
_d1455519